000 00378nam a22001577a 4500
003 MACL
005 20151122155700.0
008 151122b xxu||||| |||| 00| 0 eng d
040 _cMACL
041 _aEnglish
082 _a320/SCH
100 _aSchottli,Jivanta
_917996
245 _aState and Foreign Policy in South Asia
650 _aPolitical
_917997
942 _2ddc
_cBK
999 _c50966
_d50966